MARC

LEADER 00000nam0a2200000 4500
001 353727
005 20231102010624.0
035 |a (RuTPU)RU\TPU\retro\10984 
090 |a 353727 
100 |a 20200529d1972 km y0rusy50 ca 
101 0 |a rus 
102 |a UA 
105 |a a z 001zy 
200 1 |a Модели сигналов в линейных системах  |f Я. П. Драган  |g Академия наук Украинской ССР, Физико-механический институт 
210 |a Киев  |c Наукова думка  |d 1972 
215 |a 302 с.  |c ил. 
320 |a Библиогр.: с. 290-299 
606 1 |a Автоматические системы управления линейные  |2 stltpush  |3 (RuTPU)RU\TPU\subj\877  |9 29683 
606 1 |a Сигналы  |x Обработка  |x Математические основы  |2 stltpush  |3 (RuTPU)RU\TPU\subj\71411  |9 85332 
610 1 |a линейные сигналы 
610 1 |a модели 
610 1 |a операторы сдвига 
610 1 |a обобщенные характеристики 
610 1 |a дифференциальные операторы 
610 1 |a линейные оценки 
610 1 |a случайные процессы 
610 1 |a нестационарные процессы 
610 1 |a гильбертовы пространства 
610 1 |a амплитудные погрешности 
610 1 |a дискретная информация 
610 1 |a передача 
675 |a 681.511.2  |v 4 
675 |a 621.372:51  |v 4 
700 1 |a Драган  |b Я. П.  |g Ярослав Петрович 
712 0 2 |a Академия наук Украинской ССР  |b Физико-механический институт  |c (Львов)  |c (1964-1991)  |2 stltpush  |3 (RuTPU)RU\TPU\col\1181  |9 23527 
801 1 |a RU  |b 63413507  |c 20200529 
801 2 |a RU  |b 63413507  |c 20201202  |g RCR 
942 |c BK